[Event "Izhevsk Corporation Cup 6th"]
[Site "Izhevsk"]
[Date "2014.07.13"]
[Round "2"]
[White "Sbitnev, Andrey"]
[Black "Poletaev, Vitaly"]
[Result "1-0"]
[WhiteElo "2190"]
[BlackElo "1989"]
[PlyCount "101"]
[EventDate "2014.07.12"]
[EventType "swiss"]
[EventRounds "9"]
[EventCountry "RUS"]
[SourceTitle "CBM 161 Extra"]
[Source "ChessBase"]
[SourceDate "2014.08.29"]
[SourceVersion "1"]
[SourceVersionDate "2014.08.29"]
[SourceQuality "1"]

1. c4 e5 2. g3 f5 3. Bg2 Nf6 4. Nc3 c6 5. d4 exd4 6. Qxd4 d6 7. Bf4 Qb6 8. Qxb6 axb6 9. Nf3 Nh5 10. Be3 Be6 11. b3 Nd7 12. Nd4 Kf7 13. 0-0 Be7 14. f3 Nhf6 15. Bh3 g6 16. g4 Nc5 17. gxf5 Bd7 18. b4 Na4 19. Ne4 gxf5 20. Nxf5 Bxf5 21. Bxf5 h6 22. Bd4 Rhg8+ 23. Kh1 c5 24. bxc5 dxc5 25. Be5 Nxe4 26. Bxe4 Rg5 27. f4 Rxe5 28. fxe5+ Ke6 29. Bxb7 Ra7 30. Bd5+ Kxe5 31. Rf7 b5 32. Raf1 bxc4 33. Bxc4 Nb6 34. R1f5+ Kd6 35. Bb5 Rxa2 36. Rh7 Bg5 37. h4 Ra1+ 38. Kg2 Ra5 39. hxg5 Rxb5 40. Rf6+ Ke5 41. Re7+ Kd4 42. Rb7 Rb2 43. Rfxb6 Rxe2+ 44. Kf1 Re5 45. gxh6 c4 46. h7 Rh5 47. Rc6 Rh1+ 48. Kg2 Rh4 49. Rd7+ Ke5 50. Rxc4 Rh6 51. Rc8 1-0

[Event "Sukhumi op"]
[Site "Sukhumi"]
[Date "2006.08.10"]
[Round "7"]
[White "Sbitnev, Andrey"]
[Black "Rubanov, Sergey"]
[Result "1-0"]
[WhiteElo "2196"]
[BlackElo "1795"]
[PlyCount "60"]
[EventDate "2006.08.04"]
[EventType "swiss"]
[EventRounds "9"]
[EventCountry "GEO"]
[SourceTitle "EXT 2011"]
[Source "ChessBase"]
[SourceDate "2010.11.26"]
[SourceVersion "1"]
[SourceVersionDate "2010.11.26"]
[SourceQuality "1"]

1. e4 c5 2. Nf3 d6 3. d4 cxd4 4. Nxd4 g6 5. Nc3 Nf6 6. Be3 Bg7 7. Bc4 0-0 8. f3 Nc6 9. Qd2 Bd7 10. 0-0-0 Qa5 11. h4 Rfc8 12. Bb3 Ne5 13. h5 Nxh5 14. g4 Nf6 15. Bh6 Rxc3 16. Qxc3 Qxc3 17. bxc3 Rc8 18. Bxg7 Kxg7 19. Kb2 Nc4+ 20. Bxc4 Rxc4 21. g5 Nh5 22. Ne2 Rc6 23. Rdg1 Rb6+ 24. Kc1 Ra6 25. Ng3 Nxg3 26. Rxg3 Rxa2 27. Kb1 Be6 28. Rg2 Ra3 29. Kb2 Ra2+ 30. Kb1 Ra3 1-0